[Event "Oberpfalz-ch M3"]
[Site "Bad Koetzting"]
[Date "2018.03.27"]
[Round "8"]
[White "Schwarzfischer, Juergen"]
[Black "Klinkhammer, Christopher"]
[Result "1/2-1/2"]
[WhiteElo "1489"]
[BlackElo "1486"]
[PlyCount "43"]
[EventDate "2018.03.24"]
[EventType "swiss"]
[EventRounds "8"]
[EventCountry "GER"]
[SourceTitle "EXT 2020"]
[Source "ChessBase"]
[SourceDate "2019.10.17"]
[SourceVersion "1"]
[SourceVersionDate "2019.10.17"]
[SourceQuality "1"]

1. e4 b6 2. d4 Bb7 3. Bd3 e5 4. Nf3 g6 5. c3 Bg7 6. 0-0 Ne7 7. Re1 d6 8. Qe2 h6 9. h3 a6 10. b3 Nd7 11. Bb2 Qb8 12. Nbd2 Qa7 13. Rab1 Rd8 14. Nc4 b5 15. Na5 Qb6 16. Nxb7 Qxb7 17. b4 0-0 18. Ra1 Kh7 19. a4 c6 20. a5 c5 21. Rac1 c4 22. Bb1 1/2-1/2

[Event "Oberpfalz-ch M3"]
[Site "Bad Koetzting"]
[Date "2018.03.24"]
[Round "1"]
[White "Wollenweber, Jochen"]
[Black "Schwarzfischer, Juergen"]
[Result "0-1"]
[WhiteElo "1149"]
[BlackElo "1489"]
[PlyCount "68"]
[EventDate "2018.03.24"]
[EventType "swiss"]
[EventRounds "8"]
[EventCountry "GER"]
[SourceTitle "EXT 2020"]
[Source "ChessBase"]
[SourceDate "2019.10.17"]
[SourceVersion "1"]
[SourceVersionDate "2019.10.17"]
[SourceQuality "1"]

1. e4 e6 2. d4 d5 3. e5 c5 4. Nf3 cxd4 5. Qxd4 Nc6 6. Bb5 Bd7 7. Bxc6 Bxc6 8. a4 Qb6 9. Qxb6 axb6 10. b3 Bc5 11. c3 f6 12. b4 Be7 13. b5 Bd7 14. 0-0 Bxb5 15. Rd1 Be2 16. Re1 Bxf3 17. gxf3 f5 18. f4 Bc5 19. Be3 Ne7 20. Nd2 Ng6 21. Bxc5 bxc5 22. Nb3 Rc8 23. a5 Nxf4 24. Ra4 Nd3 25. Re3 Nb2 26. Ra2 Nc4 27. Ree2 Ke7 28. Kg2 Rc6 29. h4 f4 30. Kf3 Rf8 31. h5 Rf5 32. Kg4 f3 33. Re1 g6 34. Nd2 gxh5+ 0-1

[Event "Nittenau-ch 13th"]
[Site "Nittenau"]
[Date "2013.09.14"]
[Round "2"]
[White "Pavlov, Sergey2222"]
[Black "Schwarzfischer, Juergen"]
[Result "0-1"]
[WhiteElo "1321"]
[BlackElo "1572"]
[PlyCount "106"]
[EventDate "2013.09.13"]
[EventType "swiss"]
[EventRounds "5"]
[EventCountry "GER"]
[SourceTitle "EXT 2022"]
[Source "ChessBase"]
[SourceDate "2021.10.06"]
[SourceVersion "1"]
[SourceVersionDate "2021.10.06"]
[SourceQuality "1"]

1. e4 e6 2. d4 d5 3. exd5 exd5 4. Nf3 Bd6 5. Nc3 c6 6. Bd3 Nf6 7. Bg5 0-0 8. 0-0 h6 9. Bh4 Bg4 10. Be2 Nbd7 11. a3 Re8 12. Re1 Qc7 13. Bg3 Bxg3 14. fxg3 Re6 15. Qd2 Rae8 16. Nh4 Bxe2 17. Rxe2 Rxe2 18. Nxe2 Ne4 19. Qd3 Ndf6 20. Nf3 c5 21. Nf4 c4 22. Qf1 Qb6 23. Qc1 Nd6 24. c3 g5 25. Nxg5 hxg5 26. Nxd5 Nxd5 27. Qxg5+ Kf8 28. Qxd5 Re6 29. Rf1 Ke7 30. Qg5+ f6 31. Qd2 Nf7 32. h4 Re4 33. Kh2 Qd6 34. Rf4 Rxf4 35. Qxf4 Qxf4 36. gxf4 f5 37. Kg3 Kf6 38. Kf3 Nh6 39. d5 Ke7 40. Ke3 Kd6 41. Kd4 b5 42. h5 Ng4 43. g3 Nh6 44. a4 a6 45. axb5 axb5 46. Ke3 Kxd5 47. Kf3 Ng4 48. Kg2 Ke6 49. Kh3 Kf6 50. Kg2 Kg7 51. Kh3 Kh6 52. Kh4 Nf6 53. g4 Nxg4 0-1

[Event "Oberpfalz-ch M2"]
[Site "Roding"]
[Date "2010.03.28"]
[Round "3"]
[White "Hummel, Thomas1111"]
[Black "Schwarzfischer, Juergen"]
[Result "0-1"]
[WhiteElo "1769"]
[BlackElo "1635"]
[PlyCount "82"]
[EventDate "2010.03.27"]
[EventType "swiss"]
[EventRounds "8"]
[EventCountry "GER"]
[SourceTitle "EXT 2012"]
[Source "ChessBase"]
[SourceDate "2011.11.24"]
[SourceVersion "1"]
[SourceVersionDate "2011.11.24"]
[SourceQuality "1"]

1. e4 e6 2. Ne2 d5 3. Ng3 Nf6 4. e5 Nfd7 5. d4 c5 6. c3 Qb6 7. Qb3 Nc6 8. Qxb6 axb6 9. Bb5 cxd4 10. Bxc6 bxc6 11. cxd4 c5 12. Be3 cxd4 13. Bxd4 Bc5 14. Ne2 Bxd4 15. Nxd4 Nxe5 16. Nb5 0-0 17. b3 Ba6 18. N1a3 Rac8 19. Kd2 Rc5 20. Nd4 Rfc8 21. f4 Nc6 22. Nxc6 R8xc6 23. Rac1 Rxc1 24. Rxc1 Rxc1 25. Kxc1 Kf8 26. Nc2 Ke7 27. Nd4 Kd6 28. Kd2 f6 29. g3 g6 30. Ke3 e5 31. Nf3 d4+ 32. Kd2 h6 33. fxe5+ fxe5 34. Nh4 e4 35. Nxg6 e3+ 36. Ke1 Kd5 37. Nf4+ Ke4 38. b4 d3 39. a4 d2+ 40. Kd1 Bc4 41. Kc2 Bb3+ 0-1

[Event "Oberpfalz-ch M2"]
[Site "Roding"]
[Date "2010.03.27"]
[Round "1"]
[White "Enders, Christian"]
[Black "Schwarzfischer, Juergen"]
[Result "1-0"]
[WhiteElo "1718"]
[BlackElo "1635"]
[PlyCount "122"]
[EventDate "2010.03.27"]
[EventType "swiss"]
[EventRounds "8"]
[EventCountry "GER"]
[SourceTitle "EXT 2012"]
[Source "ChessBase"]
[SourceDate "2011.11.24"]
[SourceVersion "1"]
[SourceVersionDate "2011.11.24"]
[SourceQuality "1"]

1. d4 e6 2. c4 d5 3. cxd5 exd5 4. Nc3 Nf6 5. Bg5 Be7 6. e3 0-0 7. Nf3 Nbd7 8. Be2 h6 9. Bh4 c6 10. 0-0 Ne4 11. Bxe7 Qxe7 12. Qc2 Ndf6 13. Rab1 Bg4 14. b4 a6 15. a4 Rac8 16. Rfc1 Nxc3 17. Qxc3 Rc7 18. Qc5 Qe6 19. b5 axb5 20. axb5 Ne4 21. Qb6 Qd6 22. Rb2 Rfc8 23. Rbc2 Bf5 24. bxc6 Rxc6 25. Rxc6 Rxc6 26. Rxc6 Qxc6 27. Qxc6 bxc6 28. Ne5 c5 29. f3 Nc3 30. Ba6 cxd4 31. exd4 Kf8 32. Kf2 f6 33. Nc6 Bd7 34. Nb4 Ke7 35. Ke3 Kd6 36. Bb7 Be6 37. Bc6 Nd1+ 38. Kd3 Nb2+ 39. Kc3 Nc4 40. Kd3 Nb6 41. Be8 Bd7 42. Bf7 Be6 43. Bg6 Bd7 44. Ke3 Nc8 45. Nd3 Ne7 46. Nf4 Nxg6 47. Nxg6 Be8 48. Nh4 Ke6 49. g4 g6 50. f4 f5 51. g5 hxg5 52. fxg5 Kf7 53. Ng2 Ba4 54. Nf4 Bb3 55. h4 Ba2 56. Kd3 Bb1+ 57. Kc3 Be4 58. Kb4 Bf3 59. Kc5 Be4 60. Kd6 Bf3 61. Ke5 Be4 1-0

[Event "Oberpfalz-ch M2"]
[Site "Roding"]
[Date "2010.03.27"]
[Round "2"]
[White "Schwarzfischer, Juergen"]
[Black "Blodig, Constantin"]
[Result "0-1"]
[WhiteElo "1635"]
[BlackElo "1729"]
[PlyCount "76"]
[EventDate "2010.03.27"]
[EventType "swiss"]
[EventRounds "8"]
[EventCountry "GER"]
[SourceTitle "EXT 2012"]
[Source "ChessBase"]
[SourceDate "2011.11.24"]
[SourceVersion "1"]
[SourceVersionDate "2011.11.24"]
[SourceQuality "1"]

1. e4 e5 2. Nf3 Nc6 3. Bc4 Nf6 4. d3 d5 5. exd5 Nxd5 6. 0-0 Nb6 7. Bb3 Bd6 8. a3 0-0 9. Nc3 Bg4 10. h3 Bh5 11. g4 Bg6 12. Bg5 Qd7 13. Ne4 Be7 14. Bxe7 Qxe7 15. Re1 Kh8 16. Ng3 f6 17. Qd2 Bf7 18. Bxf7 Rxf7 19. Re4 Qd7 20. Rae1 Rd8 21. Qc1 Nc8 22. Nf5 g6 23. N5h4 Nd6 24. R4e2 Rg8 25. Kh2 g5 26. Ng2 h5 27. Ne3 Nd4 28. Nxd4 exd4 29. Nd5 Nc8 30. c4 c6 31. Nb4 hxg4 32. Rg1 Rh7 33. Rg3 Rg6 34. Qe1 Rgh6 35. Re8+ Kg7 36. Qe6 Rxh3+ 37. Kg2 Qxe6 38. Rxe6 Rh2+ 0-1

[Event "Nittenau-ch 09th"]
[Site "Nittenau"]
[Date "2009.09.18"]
[Round "1"]
[White "Kammer, Philipp"]
[Black "Schwarzfischer, Juergen"]
[Result "0-1"]
[WhiteElo "967"]
[BlackElo "1644"]
[PlyCount "60"]
[EventDate "2009.09.18"]
[EventType "swiss"]
[EventRounds "5"]
[EventCountry "GER"]
[SourceTitle "EXT 2022"]
[Source "ChessBase"]
[SourceDate "2021.10.06"]
[SourceVersion "1"]
[SourceVersionDate "2021.10.06"]
[SourceQuality "1"]

1. e4 e6 2. d4 d5 3. e5 c5 4. c3 Nc6 5. Bb5 Bd7 6. Nf3 cxd4 7. cxd4 Bb4+ 8. Bd2 Qa5 9. Bxc6 Bxc6 10. a3 Bxd2+ 11. Qxd2 Qxd2+ 12. Nfxd2 Bb5 13. Nc3 Bd3 14. Rc1 b6 15. a4 Rc8 16. Na2 Rxc1+ 17. Nxc1 Ba6 18. b4 Ne7 19. b5 Bb7 20. 0-0 0-0 21. Ndb3 Rc8 22. a5 Rc4 23. Ne2 Bc8 24. Rc1 Rb4 25. Nd2 Rxb5 26. axb6 Rxb6 27. Rb1 Rxb1+ 28. Nxb1 Nc6 29. Nc1 Nxd4 30. Nd2 Kf8 0-1

[Event "Oberpfalz-ch M2"]
[Site "Kareth Lappersdorf"]
[Date "2008.03.18"]
[Round "7"]
[White "Guertler, Franz Josef"]
[Black "Schwarzfischer, Juergen"]
[Result "1-0"]
[WhiteElo "1820"]
[BlackElo "1625"]
[PlyCount "75"]
[EventDate "2008.03.15"]
[EventType "swiss"]
[EventRounds "8"]
[EventCountry "GER"]
[SourceTitle "EXT 2022"]
[Source "ChessBase"]
[SourceDate "2021.10.06"]
[SourceVersion "1"]
[SourceVersionDate "2021.10.06"]
[SourceQuality "1"]

1. c4 e6 2. Nc3 d5 3. e3 Nf6 4. d4 c5 5. dxc5 Bxc5 6. cxd5 0-0 7. Bc4 exd5 8. Nxd5 Nxd5 9. Qxd5 Bb4+ 10. Bd2 Bxd2+ 11. Qxd2 Qxd2+ 12. Kxd2 Rd8+ 13. Ke2 Nc6 14. Nf3 Bg4 15. Rhd1 Ne5 16. Bd5 Rab8 17. b3 Kf8 18. Rac1 Rd7 19. h3 Bxf3+ 20. Bxf3 Rxd1 21. Rxd1 Nxf3 22. Kxf3 Ke7 23. Rc1 Kd6 24. e4 f6 25. Ke3 Rf8 26. f4 Rf7 27. g4 b6 28. Rc8 Kd7 29. Rb8 Kc6 30. Ra8 Rd7 31. e5 fxe5 32. fxe5 Rc7 33. Kd4 Rd7+ 34. Ke4 Rc7 35. Rg8 g6 36. Rh8 Rb7 37. Rg8 Rd7 38. Rb8 1-0

[Event "Oberpfalz-ch M2"]
[Site "Kareth Lappersdorf"]
[Date "2008.03.18"]
[Round "8"]
[White "Schwarzfischer, Juergen"]
[Black "Gogeissl, Christian"]
[Result "1/2-1/2"]
[WhiteElo "1625"]
[BlackElo "1791"]
[PlyCount "32"]
[EventDate "2008.03.15"]
[EventType "swiss"]
[EventRounds "8"]
[EventCountry "GER"]
[SourceTitle "EXT 2022"]
[Source "ChessBase"]
[SourceDate "2021.10.06"]
[SourceVersion "1"]
[SourceVersionDate "2021.10.06"]
[SourceQuality "1"]

1. e4 e5 2. Nf3 Nc6 3. Bc4 Nf6 4. d3 Bc5 5. 0-0 d6 6. c3 0-0 7. Bg5 h6 8. Be3 Bb6 9. Bb3 Bg4 10. Nbd2 Re8 11. Re1 d5 12. Bxb6 axb6 13. h3 Bh5 14. exd5 Nxd5 15. Ne4 Nf6 16. Re3 Nxe4 1/2-1/2

[Event "Oberpfalz-ch M2"]
[Site "Kareth Lappersdorf"]
[Date "2008.03.17"]
[Round "6"]
[White "Schwarzfischer, Juergen"]
[Black "Weszka, Peter"]
[Result "1/2-1/2"]
[WhiteElo "1625"]
[BlackElo "1666"]
[PlyCount "53"]
[EventDate "2008.03.15"]
[EventType "swiss"]
[EventRounds "8"]
[EventCountry "GER"]
[SourceTitle "EXT 2022"]
[Source "ChessBase"]
[SourceDate "2021.10.06"]
[SourceVersion "1"]
[SourceVersionDate "2021.10.06"]
[SourceQuality "1"]

1. e4 e6 2. d4 d5 3. Nd2 dxe4 4. Nxe4 Nd7 5. Nf3 Ngf6 6. Bd3 Be7 7. 0-0 0-0 8. Nxf6+ Nxf6 9. c3 c5 10. Be3 Qc7 11. dxc5 Bxc5 12. Bxc5 Qxc5 13. Qe2 Bd7 14. Ne5 Bc8 15. Rfe1 Qc7 16. Rad1 b6 17. Ba6 Bxa6 18. Qxa6 Rfd8 19. Qe2 h6 20. h3 Nd5 21. Qf3 Nf6 22. Qe2 Rac8 23. c4 Nd7 24. Rxd7 Rxd7 25. Nxd7 Qxd7 26. Rd1 Qe7 27. Qd3 1/2-1/2

[Event "Oberpfalz-ch M2"]
[Site "Kareth Lappersdorf"]
[Date "2008.03.16"]
[Round "4"]
[White "Schwarzfischer, Juergen"]
[Black "Gschwendner, Anton"]
[Result "1/2-1/2"]
[WhiteElo "1625"]
[BlackElo "1647"]
[PlyCount "27"]
[EventDate "2008.03.15"]
[EventType "swiss"]
[EventRounds "8"]
[EventCountry "GER"]
[SourceTitle "EXT 2022"]
[Source "ChessBase"]
[SourceDate "2021.10.06"]
[SourceVersion "1"]
[SourceVersionDate "2021.10.06"]
[SourceQuality "1"]

1. e4 Nf6 2. e5 Nd5 3. d4 Nc6 4. c4 Nb6 5. Nf3 d6 6. exd6 cxd6 7. d5 Nb8 8. Be2 g6 9. Qd4 f6 10. Nc3 Bg7 11. Be3 0-0 12. h3 Na6 13. Qd2 Bf5 14. Nd4 1/2-1/2

[Event "Oberpfalz-ch M2"]
[Site "Kareth Lappersdorf"]
[Date "2008.03.16"]
[Round "4"]
[White "Schwarzfischer, Juergen"]
[Black "Schmalz, David"]
[Result "0-1"]
[WhiteElo "1625"]
[BlackElo "1837"]
[PlyCount "40"]
[EventDate "2008.03.15"]
[EventType "swiss"]
[EventRounds "8"]
[EventCountry "GER"]
[SourceTitle "EXT 2022"]
[Source "ChessBase"]
[SourceDate "2021.10.06"]
[SourceVersion "1"]
[SourceVersionDate "2021.10.06"]
[SourceQuality "1"]

1. Nf3 Nc6 2. g3 e5 3. d3 Bc5 4. e4 d6 5. Bg2 f5 6. Bg5 Nf6 7. Nbd2 h6 8. Bxf6 Qxf6 9. 0-0 f4 10. Kh1 g5 11. Ng1 h5 12. f3 Be6 13. c3 0-0-0 14. a4 d5 15. exd5 Bxd5 16. c4 Bf7 17. Ne4 Qe7 18. Nxc5 Qxc5 19. Qe2 Bg6 20. Rfd1 Nb4 0-1

[Event "Oberpfalz-ch M2"]
[Site "Kareth Lappersdorf"]
[Date "2008.03.15"]
[Round "2"]
[White "Kufner, Josef"]
[Black "Schwarzfischer, Juergen"]
[Result "1/2-1/2"]
[WhiteElo "1734"]
[BlackElo "1625"]
[PlyCount "56"]
[EventDate "2008.03.15"]
[EventType "swiss"]
[EventRounds "8"]
[EventCountry "GER"]
[SourceTitle "EXT 2022"]
[Source "ChessBase"]
[SourceDate "2021.10.06"]
[SourceVersion "1"]
[SourceVersionDate "2021.10.06"]
[SourceQuality "1"]

1. e4 e6 2. d4 d5 3. exd5 exd5 4. c4 Nf6 5. Nc3 Bb4 6. Nf3 0-0 7. Bd2 Bg4 8. Be2 dxc4 9. 0-0 Nc6 10. a3 Bxc3 11. Bxc3 b5 12. h3 Bh5 13. Qd2 Nd5 14. Rad1 Qf6 15. Rfe1 Rfe8 16. Ne5 Bxe2 17. Rxe2 Nce7 18. Rde1 a5 19. Bxa5 Nf4 20. Re4 Ne6 21. Bb4 Nd5 22. Ng4 Qg6 23. Re5 c6 24. f4 Qd3 25. Qxd3 cxd3 26. f5 Nec7 27. Bd2 f6 28. Rxe8+ Rxe8 1/2-1/2

[Event "Nittenau-ch 06th"]
[Site "Nittenau"]
[Date "2006.09.16"]
[Round "3"]
[White "Trautner, Armin"]
[Black "Schwarzfischer, Juergen"]
[Result "0-1"]
[WhiteElo "1270"]
[BlackElo "1588"]
[PlyCount "84"]
[EventDate "2006.09.15"]
[EventType "swiss"]
[EventRounds "5"]
[EventCountry "GER"]
[SourceTitle "EXT 2022"]
[Source "ChessBase"]
[SourceDate "2021.10.06"]
[SourceVersion "1"]
[SourceVersionDate "2021.10.06"]
[SourceQuality "1"]

1. e4 e6 2. Nf3 d5 3. exd5 exd5 4. d4 Nf6 5. Be2 Bd6 6. 0-0 0-0 7. Bg5 h6 8. Bxf6 Qxf6 9. c4 dxc4 10. Bxc4 Bg4 11. Nbd2 Re8 12. Qb3 b6 13. h3 Bd7 14. Rfe1 Nc6 15. Rxe8+ Rxe8 16. Qd3 Bf5 17. Qc3 Bb4 18. Qb3 Bxd2 19. Nxd2 Nxd4 20. Qa4 Rd8 21. Qxa7 b5 22. g4 Bg6 23. Bf1 Qf4 24. Qa5 Qxd2 25. Qxd2 Nf3+ 26. Kg2 Nxd2 27. Bxb5 Be4+ 28. Kg3 c6 29. Be2 Bd5 30. a4 g5 31. a5 Nb3 32. Ra3 Ra8 33. Bf3 Rxa5 34. Rxa5 Nxa5 35. Bxd5 cxd5 36. Kf3 Kg7 37. Ke3 Nc4+ 38. Kd4 Nxb2 39. Kxd5 Nd1 40. f3 Nf2 41. Ke5 Nxh3 42. Ke4 Kf6 0-1

[Event "Oberpfalz-ch M2"]
[Site "Regensburg"]
[Date "2006.04.09"]
[Round "3"]
[White "Braun, Dieter"]
[Black "Schwarzfischer, Juergen"]
[Result "1/2-1/2"]
[WhiteElo "1718"]
[BlackElo "1630"]
[PlyCount "79"]
[EventDate "2006.04.08"]
[EventType "swiss"]
[EventRounds "8"]
[EventCountry "GER"]
[SourceTitle "EXT 2022"]
[Source "ChessBase"]
[SourceDate "2021.10.06"]
[SourceVersion "1"]
[SourceVersionDate "2021.10.06"]
[SourceQuality "1"]

1. e4 c6 2. d4 d5 3. exd5 cxd5 4. c4 Nf6 5. Nc3 a6 6. h3 Bf5 7. Nf3 e6 8. c5 Be7 9. Bd3 Bxd3 10. Qxd3 0-0 11. a3 b6 12. b4 Nc6 13. 0-0 bxc5 14. bxc5 Na5 15. Ne5 Nd7 16. f4 f6 17. Nf3 Qc8 18. Re1 Nxc5 19. dxc5 Bxc5+ 20. Kh1 Rb8 21. Rb1 Rxb1 22. Qxb1 Nc4 23. Qd3 Qc6 24. Nd4 Bxd4 25. Qxd4 Rc8 26. Nd1 e5 27. fxe5 fxe5 28. Qg4 Rf8 29. Qg5 d4 30. Nb2 e4 31. Nxc4 Qxc4 32. Kg1 Qf7 33. Rxe4 h6 34. Qg4 Qf1+ 35. Kh2 Qxc1 36. Qe6+ Kh7 37. Rg4 Qc7+ 38. Kg1 d3 39. Qg6+ Kh8 40. Qxd3 1/2-1/2

[Event "Nittenau-ch 2nd"]
[Site "Nittenau"]
[Date "2002.09.21"]
[Round "3"]
[White "Schwarzfischer, Juergen"]
[Black "Strobel, Christian"]
[Result "0-1"]
[WhiteElo "1575"]
[BlackElo "2032"]
[PlyCount "64"]
[EventDate "2002.09.20"]
[EventType "swiss"]
[EventRounds "5"]
[EventCountry "GER"]
[SourceTitle "EXT 2008"]
[Source "ChessBase"]
[SourceDate "2007.11.25"]
[SourceVersion "1"]
[SourceVersionDate "2007.11.25"]
[SourceQuality "1"]

1. Nf3 Nf6 2. g3 g6 3. Bg2 Bg7 4. d4 0-0 5. c4 d6 6. 0-0 c6 7. Nc3 Nbd7 8. Qc2 Qc7 9. b3 e5 10. Bb2 Re8 11. e3 Nf8 12. dxe5 dxe5 13. Rad1 Bf5 14. Qc1 Ne6 15. b4 a5 16. a3 axb4 17. axb4 Ne4 18. Nxe4 Bxe4 19. c5 Ra2 20. Qc3 Bxf3 21. Bxf3 e4 22. Qc4 Rxb2 23. Bxe4 Rd8 24. Bf3 h5 25. h4 Rdd2 26. Ra1 Be5 27. Ra8+ Kg7 28. g4 Bg3 29. gxh5 Bxf2+ 30. Kh1 Bxe3 31. h6+ Kh7 32. Bg2 Rxg2 0-1